| 000 | 00721nam a2200265 a 4500 | ||
|---|---|---|---|
| 005 | 20160419143923.0 | ||
| 008 | 140115b1997 ck ||||| |||| 00| 0 spa d | ||
| 040 |
_aCO-BoIAVH _cCO-BoIAVH |
||
| 041 | _aspa | ||
| 090 |
_aEA _b00072 |
||
| 110 | 2 |
_aAsociación Calidris _93952 |
|
| 245 | 1 | 3 | _ala Observación de las aves |
| 260 |
_aCali _bAsociación Calidris _bFES _c1997 |
||
| 300 | _a12 Paginas | ||
| 490 | _a25 | ||
| 650 |
_aAves _966063 |
||
| 650 |
_aIdentificación _966064 |
||
| 650 |
_aHabitat _966065 |
||
| 710 |
_aFundación Natura _92886 |
||
| 710 |
_aUniversidad del Valle _966066 |
||
| 710 |
_aFish and Wildlife Federation _966032 |
||
| 710 |
_aFES _966033 |
||
| 942 |
_cFolleto _2z |
||
| 945 | _d2005-05-19 | ||
| 999 |
_c4512 _d4512 |
||